Минерал глауконит в процессах водоочистки; Химия и химическая технология в XXI веке

Бібліографічні деталі
Parent link:Химия и химическая технология в XXI веке.— 2016.— [С. 596-597]
Автор: Зарубин В. В.
Співавтор: Национальный исследовательский Томский политехнический университет (ТПУ) Институт физики высоких технологий (ИФВТ) Лаборатория № 12
Інші автори: Слядников П. Е. Павел Евгеньевич (научный руководитель), Мартемьянова И. В., Журавков С. П. Сергей Петрович
Резюме:Заглавие с экрана
Мова:Російська
Опубліковано: 2016
Серія:Химия и химическая технология (для школьников)
Предмети:
Онлайн доступ:http://earchive.tpu.ru/handle/11683/30853
Формат: Електронний ресурс Частина з книги
KOHA link:https://koha.lib.tpu.ru/cgi-bin/koha/opac-detail.pl?biblionumber=619031

MARC

LEADER 00000naa2a2200000 4500
001 619031
005 20231101133036.0
035 |a (RuTPU)RU\TPU\conf\17424 
035 |a RU\TPU\conf\17423 
090 |a 619031 
100 |a 20160625d2016 k y0rusy50 ca 
101 0 |a rus 
102 |a RU 
105 |a y z 101zy 
135 |a drcn ---uucaa 
181 0 |a i  
182 0 |a b 
200 1 |a Минерал глауконит в процессах водоочистки  |f В. В. Зарубин, П. Е. Слядников, И. В. Мартемьянова  |g науч. рук. С. П. Журавков 
203 |a Текст  |c электронный 
225 1 |a Химия и химическая технология (для школьников) 
230 |a 1 компьютерный файл (pdf; 573 Kb) 
300 |a Заглавие с экрана 
320 |a [Библиогр.: с. 597 (2 назв.)] 
463 0 |0 (RuTPU)RU\TPU\conf\17060  |t Химия и химическая технология в XXI веке  |o материалы XVII Международной научно-практической конференции студентов и молодых ученых имени профессора Л.П. Кулёва, посвященной 120-летию Томского политехнического университета, 17–20 мая 2016 г., г. Томск  |f Национальный исследовательский Томский политехнический университет (ТПУ) ; Институт природных ресурсов (ИПР) ; Институт физики высоких технологий (ИФВТ) ; Физико-технический институт (ФТИ) ; Сибур-Холдинг  |v [С. 596-597]  |d 2016 
610 1 |a труды учёных ТПУ 
610 1 |a электронный ресурс 
610 1 |a сорбционная очистка 
610 1 |a глауконит 
610 1 |a физико-химические свойства 
610 1 |a сорбенты 
610 1 |a ионы 
700 1 |a Зарубин  |b В. В. 
701 1 |a Слядников  |b П. Е.  |c химик  |c эксперт Томского политехнического университета  |f 1985-  |g Павел Евгеньевич  |2 stltpush  |3 (RuTPU)RU\TPU\pers\32476 
701 1 |a Мартемьянова  |b И. В. 
702 1 |a Журавков  |b С. П.  |c химик  |c старший научный сотрудник Томского политехнического университета, кандидат химических наук  |f 1961-  |g Сергей Петрович  |2 stltpush  |4 727 
712 0 2 |a Национальный исследовательский Томский политехнический университет (ТПУ)  |b Институт физики высоких технологий (ИФВТ)  |b Лаборатория № 12  |h 6389  |2 stltpush  |3 (RuTPU)RU\TPU\col\19054 
801 2 |a RU  |b 63413507  |c 20160926  |g RCR 
856 4 |u http://earchive.tpu.ru/handle/11683/30853 
942 |c BK